Tester Trabajo de Nodos (Record no. 478)

MARC details
000 -LEADER
campo de control de longitud fija 00558nam a22001457a 4500
008 - DATOS DE LONGITUD FIJA--INFORMACIÓN GENERAL
campo de control de longitud fija 150320b xxu||||| |||| 00| 0 eng d
020 ## - NÚMERO INTERNACIONAL ESTÁNDAR DEL LIBRO
Número Internacional Estándar del Libro 9788479074494
082 ## - NÚMERO DE LA CLASIFICACIÓN DECIMAL DEWEY
Número de clasificación 708
Número de ítem B 895t
110 ## - ENTRADA PRINCIPAL--NOMBRE DE ENTIDAD CORPORATIVA
Nombre de entidad corporativa o nombre de jurisdicción como elemento de entrada Fundación Rodriguez, Arteleku (editor)
9 (RLIN) 2275
245 ## - MENCIÓN DEL TÍTULO
Título Tester Trabajo de Nodos
Mención de responsabilidad, etc. Fundación Rodriguez, Arteleku (editor)
260 ## - PUBLICACIÓN, DISTRIBUCIÓN, ETC.
Lugar de publicación, distribución, etc. España
Nombre del editor, distribuidor, etc. Evagraf
Fecha de publicación, distribución, etc. s.f.
300 ## - DESCRIPCIÓN FÍSICA
Extensión 263 p.
Otras características físicas ill.
Dimensiones 20 cm
Material acompañante/anejo panfleto
650 ## - PUNTO DE ACCESO ADICIONAL DE MATERIA--TÉRMINO DE MATERIA
Subdivisión general Arte
-- Video-Arte
-- Arte y tecnologia-exposiciones
-- Arte y sociedad
-- Politica y arte
9 (RLIN) 2276
710 ## - ENTRADA AGREGADA--NOMBRE DE ENTIDAD CORPORATIVA
Nombre de entidad corporativa o nombre de jurisdicción como elemento de entrada Fundación Rodriguez, Arteleku (editor)
9 (RLIN) 2277
Holdings
Estatus retirado Estado de pérdida Fuente del sistema de clasificación o colocación Estado de daño No para préstamo Biblioteca de origen Biblioteca actual Ubicación en estantería Fecha de adquisición Total de préstamos Signatura topográfica completa Código de barras Visto por última vez Precio de reemplazo Tipo de ítem Koha
    Clasificación Decimal Dewey     Biblioteca LadoV Biblioteca LadoV   20/03/2015   708 B 895t 000498 20/03/2015 20/03/2015 Material 01